| 000 | 01142nam a22002177a 4500 | ||
|---|---|---|---|
| 999 |
_c3766 _d3766 |
||
| 003 | OSt | ||
| 005 | 20241023084131.0 | ||
| 008 | 241023b ||||| |||| 00| 0 eng d | ||
| 020 | _a9780062846723 | ||
| 040 | _cKH8 | ||
| 082 | _aFIC THO | ||
| 100 |
_aThomas, Angie, _eauthor. |
||
| 245 |
_aConcrete Rose / _cAngie Thomas. |
||
| 260 |
_aNew York ; _bBalzer + Bray, an imprint of Harper Collins Publishers , _c2021. |
||
| 300 |
_a360 pages : _c22 cm. |
||
| 520 | _aIf there's one thing seventeen-year-old Maverick Carter knows, it's that a real man takes care of his family. As the son of a former gang legend, Mav does that the only way he knows how: dealing for the King Lords. With this money he can help his mom, who works two jobs while his dad's in prison. Life's not perfect, but with a fly girlfriend and a cousin who always has his back, Mav's got everything under control. Until, that is, Maverick finds out he's a father. Now he'll have to figure out for himself what it really means to be a man. | ||
| 650 | _a Adolescence Fiction | ||
| 650 |
_aAfrican American _vFiction |
||
| 650 | _aGangs Juvenile fiction | ||
| 942 |
_2ddc _cFIC |
||